000 00599nam a2200229Ia 4500
003 OSt
005 20221007071811.0
006 a|||||r|||| 00| 0
007 ta
008 221006b |||||||| |||| 00| 0 eng d
024 _a13,863
037 _cTextual
040 _aFLL
_cFLL
_beng
041 _2eng
_aeng
082 _aW:19(zT), J8;1
100 _aNoel-Baker Philip
245 0 _aArms race
260 _aLondon
_bJohn Calder [Publishers] Ltd. London
_c1958
300 _a603p
_ccm.
942 _hW:19(zT), J8;1
_cTEXL
_2CC
999 _c1144365
_d1144365